Central Library OPAC University of Rajshahi
Normal view MARC view

Entry Topical Term

Number of records used in: 2

001 - CONTROL NUMBER

  • control field: 5994

003 - CONTROL NUMBER IDENTIFIER

  • control field: BD-RjUL

005 - DATE AND TIME OF LATEST TRANSACTION

  • control field: 20221123105626.0

008 - FIXED-LENGTH DATA ELEMENTS

  • fixed length control field: 221123|| aca||aabn | a|a d

040 ## - CATALOGING SOURCE

  • Original cataloging agency: BD-RjUL
  • Transcribing agency: BD-RjUL

150 ## - HEADING--TOPICAL TERM

  • Topical term or geographic name entry element: Bioactive Properties
  • General subdivision: Pests control

670 ## - SOURCE DATA FOUND

  • Source citation: Work cat.: (BD-RjUL)80835: Pramanik, Md. Shahidullah 5993, BIOACTIVE PROPERTIES OF THE TOOTHBRUSH PLANT, GLYCOSMIS PENTAPHYLLA (RETZ.) WITH SPECIAL REFERENCE TO STORED PRODUCT PESTS :, 2007